| 000 | 00911nam a22002777a 4500 | ||
|---|---|---|---|
| 001 | 7133 | ||
| 003 | FISKH | ||
| 005 | 20250626083557.0 | ||
| 008 | 250625b cb ||||| |||| 00| 0 eng d | ||
| 020 | _a9788956355009 | ||
| 040 |
_aFISKH _beng _cFISKH _dFISKH |
||
| 050 | _aPZ7 | ||
| 082 | _a590 | ||
| 100 | _aSormark, Julie | ||
| 245 |
_aCountry mouse and city mouse / _cRetold by Julie Sormark : through Art style of Henri Rousseau |
||
| 260 |
_aSeoul : _be-future , _c2010. |
||
| 300 |
_a35 pages : _bcolor illustrations ; _c23 cm . |
||
| 490 | _aArt classic stories | ||
| 505 | _aJ | ||
| 520 | _aThe story is about two mice who are cousins, one living in the country and the other in the city. They both lead very different lives. | ||
| 521 | 8 |
_a500
_bLexile estimate |
|
| 521 | 8 |
_aJ
_bRaz-Plus |
|
| 700 |
_aCho, Myeongsik _eIllustrator |
||
| 942 |
_2ddc _cBK _n0 |
||
| 999 |
_c7133 _d7133 |
||